000 00674nam a22002297a 4500
001 30190
003 UA-OsUOA
005 20230914110611.0
007 ta
008 20041105b un ||||| |||| 00| 0 ukr d
040 _aUA-OsUOA
_brus
_cUA-OsUOA
_dUA-OsUOA
041 _arus
044 _aRU
080 _a91
090 _a91
_bМ20
245 _aМалый атлас СССР
_cред. Л. Н. Месяцева
260 _aМосква
_bГлавное управление геодезии и картографии при Совете Министров СССР
_c1979
300 _a80 с.
_bІлюстрації
650 7 _2UDC
942 _cBK
_2udc
955 _a0
999 _c316597
_d316597